| 000 | 00602nam a22001937a 4500 | ||
|---|---|---|---|
| 003 | OSt | ||
| 005 | 20250710014850.0 | ||
| 008 | 250710b |||||||| |||| 00| 0 eng d | ||
| 020 | _a971-8966-66-8. | ||
| 040 |
_aDWCL - Main lib _cOC |
||
| 082 | _aRes. 657 U14c 2006 | ||
| 100 | _aUberita, Conrado O. | ||
| 245 |
_aCPA examination : _bpractical accounting 1/ _cConrado O. Uberita |
||
| 250 | _a2007 ed. | ||
| 260 |
_aManila : _bGIC Enterprises & Co., Inc., _c c2006. |
||
| 300 |
_a 736 p. ; _c 23 cm. |
||
| 650 | _a1. Accounting-Problems and exercises. | ||
| 942 |
_2ddc _cBK-0 CIRC _e2007 ed. _kRes. _n0 |
||
| 999 |
_c3557 _d3557 |
||